Κινηματογράφος '96 : ετήσιος οδηγός : κινηματογράφος-βίντεο-τηλεόραση-βιβλία-δίσκοι

Αποθηκεύτηκε σε:
Λεπτομέρειες βιβλιογραφικής εγγραφής
Συγγραφή απο Οργανισμό/Αρχή: Πανελληνια Ένωση Κριτικών Κινηματογράφου
Άλλοι συγγραφείς: Κολιόδημος, Δημήτρης (Συντάκτης)
Μορφή: Βιβλίο
Γλώσσα:Greek
Δημοσίευση: Αθήνα : Αιγόκερως, 1996
Θέματα:
Ετικέτες: Προσθήκη ετικέτας
Δεν υπάρχουν, Καταχωρήστε ετικέτα πρώτοι!

MARC

LEADER 00000nam a2200000 i 4500
001 1/12711
008 001017s1996 gre d
020 |a 1106-1677 
035 |l 10064307 
040 |a GR-MY-UA  |b gre  |e aacr 
041 0 |a gre 
082 0 |a 791.437 
110 2 |a Πανελληνια Ένωση Κριτικών Κινηματογράφου. 
245 1 0 |a Κινηματογράφος '96 :  |b ετήσιος οδηγός : κινηματογράφος-βίντεο-τηλεόραση-βιβλία-δίσκοι /  |c Πανελλήνια Ένωση Κριτικών Κινηματογράφου ; σύνταξη Δημήτρης Κολιοδήμος 
260 |a Αθήνα :   |b Αιγόκερως,   |c 1996 
300 |a 297 σ.  |b εικ. 
504 |a Περιέχει ευρετήριο 
650 0 0 |a Motion pictures  |x Catalogs. 
650 0 0 |a Motion pictures  |x Reviews. 
700 1 |a Κολιόδημος, Δημήτρης.  |4 com 
852 |a INST  |b LESVOS  |e 20001017  |h 791.437 ΠΑΝ  |p 005100025504  |q 005100025504  |t BK  |y 0 
901 |a BIBL1-2000-2 
909 |a Λ  |b 081167 
922 |a 1ΕΛΗ  |b 200010  |c ΤΑΚ/ΠΤΕ  |d ΠΑΠΑΣΩΤΗΡΙΟΥ 
950 |a 185-2000-07-07 
970 |a ΤΖΑΦΕΡΗ  |b ΕΥΑΓΓΕΛΙΑ  |z 2000/10/18